Inderbir Singh's Human Embryology (Record no. 22701)
[ view plain ]
| 000 -LEADER | |
|---|---|
| fixed length control field | 00405nam a22001697a 4500 |
| 003 - CONTROL NUMBER IDENTIFIER | |
| control field | SGT |
| 020 ## - INTERNATIONAL STANDARD BOOK NUMBER | |
| International Standard Book Number | 9789390281404 |
| 082 ## - DEWEY DECIMAL CLASSIFICATION NUMBER | |
| Classification number | 612.64 |
| Item number | I21D |
| 100 ## - MAIN ENTRY--PERSONAL NAME | |
| Personal name | Devi, V. Subhadra |
| 245 ## - TITLE STATEMENT | |
| Title | Inderbir Singh's Human Embryology |
| 250 ## - EDITION STATEMENT | |
| Edition statement | 12th |
| 260 ## - PUBLICATION, DISTRIBUTION, ETC. (IMPRINT) | |
| Place of publication, distribution, etc | New Delhi, India |
| Name of publisher, distributor, etc | Jaypee Brothers |
| Year of Publication | 2021 |
| 300 ## - PAGE DESCRIPTION | |
| No. of Pages | 420 |
| 650 ## - SUBJECT ADDED ENTRY--TOPICAL TERM | |
| Topical term or geographic name as entry element | Human Embryology |
| 653 ## - KEYWORDS--INDEX TERM | |
| Keyword term | Human Embryology |
| 942 ## - ADDED ENTRY ELEMENTS (KOHA) | |
| Source of classification or shelving scheme | Dewey Decimal Classification |
| Koha item type | Books |
| 942 ## - ADDED ENTRY ELEMENTS (KOHA) | |
| -- | 20 |
| Withdrawn status | Lost status | Source of classification or shelving scheme | Damaged status | Not for loan | Home library | Current library | Date acquired | Vendor Name | Cost, normal purchase price | SGTU | Bill Number | Total Checkouts | Full call number | Accession No. (Barcode) | Date last seen | Date last borrowed | Bill Date | Koha item type |
|---|---|---|---|---|---|---|---|---|---|---|---|---|---|---|---|---|---|---|
| Dewey Decimal Classification | SGT Dental Library | SGT Dental Library | 05/05/2022 | Ahuja Book Co. Pvt. Ltd. | 950.00 | SGTU | 14353 | 9 | 612.64 I21D | FD8601 | 24/06/2025 | 24/06/2025 | 16/04/2022 | Books | ||||
| Dewey Decimal Classification | SGT Dental Library | SGT Dental Library | 05/05/2022 | Ahuja Book Co. Pvt. Ltd. | 950.00 | SGTU | 14353 | 13 | 612.64 I21D | FD8602 | 20/01/2026 | 06/01/2026 | 16/04/2022 | Books | ||||
| Dewey Decimal Classification | SGT Dental Library | SGT Dental Library | 05/05/2022 | Ahuja Book Co. Pvt. Ltd. | 950.00 | SGTU | 14353 | 12 | 612.64 I21D | FD8603 | 19/06/2025 | 19/06/2025 | 16/04/2022 | Books |